000 00539nam a2200205Ia 4500
003 OSt
005 20230420134709.0
008 210423s2006 xx 000 0 und d
020 _a9780143062097
040 _cAL
041 _aeng
082 _a922 BADC
100 _aBADRINATH (Chaturvedi).
_991044
245 _aSwami Vivekananda: the living vedanta.
260 _aNew Delhi
_bPenguin Books Ltd
_c2006
300 _axxviii,452
_bPB
365 _b375
_cINR
906 _aliving ; Swami ; vedanta. ; Vivekananda:
942 _2ddc
_cBK
999 _c160321
_d160321